| 000 | 02122nam a22002417a 4500 | ||
|---|---|---|---|
| 003 | Uzh_bibl | ||
| 008 | 260423b |||||||| |||| 00| 0 ukr d | ||
| 020 |
_a966-603-117-5 _c23.16 |
||
| 040 | _bукр. | ||
| 041 |
_2ukr _aukr |
||
| 080 | _a94(477) | ||
| 090 |
_a94(477) _bГ 85 |
||
| 100 | _aГринів,Олег | ||
| 245 |
_aСпокута Малоросії: Державотворення без парадоксів. Непретензійні нотатки _hТекст |
||
| 260 |
_aЛьвів _bСвіт _c2001 |
||
| 300 |
_a368 с. _fВ опр. |
||
| 520 | _aКнига відомого вченого-політолога і публіциста присвячена дослідженню історичного досвіду національного державотворення в Україні. Всебічно розглядаються різноманітні аспекти духовного відродження і національного державотворення, погляди десидентів-шістдесятників, національно налаштованих діячів науки, літератури і мистецтва. Обгрунтовано роль різних політичних інституцій у процесі остаточного демонтажу залишків московського колоніалізму. Розвінчуються догматичні концепції антидержавних ідеологів, які намагаються реанімувати в Україні проімперську політику російських шовіністів. | ||
| 521 | _aДля наукових працівників, студентів, усіх, хто цікавиться проблемами українського національного відродження | ||
| 546 | _aукр. | ||
| 650 |
_aНауково-популярне видання _vІсторія України |
||
| 653 |
_aДержавотворення _aДисиденти _aІдеологія |
||
| 942 |
_2udc _cBK |
||
| 999 |
_c17510 _d17510 |
||